Bukan salahku (Record no. 17869)

MARC details
000 -LEADER
fixed length control field 00756nam a2200277 i 4500
001 - CONTROL NUMBER
control field C2-0086715
003 - CONTROL NUMBER IDENTIFIER
control field PPAK
005 - DATE AND TIME OF LATEST TRANSACTION
control field 20180727091142.0
008 - FIXED-LENGTH DATA ELEMENTS--GENERAL INFORMATION
fixed length control field 970506s1996 my a|||| ||||| | may d
020 ## - INTERNATIONAL STANDARD BOOK NUMBER
International Standard Book Number 983891164X
040 ## - CATALOGING SOURCE
Original cataloging agency PPAK
Language of cataloging eng
Transcribing agency PPAK
Description conventions rda
082 04 - DEWEY DECIMAL CLASSIFICATION NUMBER
Classification number 899.233
Edition number 23
090 00 - LOCALLY ASSIGNED LC-TYPE CALL NUMBER (OCLC); LOCAL CALL NUMBER (RLIN)
Classification number (OCLC) (R) ; Classification number, CALL (RLIN) (NR) 899.233
Feature heading JAM
Feature heading G
Classification number (OCLC) (R) ; Classification number, CALL (RLIN) (NR) 899.233
Feature heading JAM
Feature heading K
100 0# - MAIN ENTRY--PERSONAL NAME
Personal name Jamilah Alias,
Relator term author
245 10 - TITLE STATEMENT
Title Bukan salahku
264 #1 - PRODUCTION, PUBLICATION, DISTRIBUTION, MANUFACTURE, AND COPYRIGHT NOTICE
Place of production, publication, distribution, manufacture Kuala Lumpur :
Name of producer, publisher, distributor, manufacturer Penerbit Orkid ,
Date of production, publication, distribution, manufacture, or copyright notice 1996
300 ## - PHYSICAL DESCRIPTION
Extent 60 pages :
Other physical details illustrations ;
Dimensions 18 cm
336 ## - CONTENT TYPE
Source rdacontent
Content type term text
337 ## - MEDIA TYPE
Source rdamedia
Media type term unmediated
338 ## - CARRIER TYPE
Source rdacarrier
Carrier type term volume
490 1# - SERIES STATEMENT
Series statement Antologi Cerpen Melati
650 10 - SUBJECT ADDED ENTRY--TOPICAL TERM
Topical term or geographic name entry element Short stories - Malay
830 #0 - SERIES ADDED ENTRY--UNIFORM TITLE
Uniform title Antologi Cerpen Melati
942 ## - ADDED ENTRY ELEMENTS (KOHA)
-- dc
Koha item type Book
Holdings
Withdrawn Not for loan Current library Shelving location Date acquired Full call number Barcode Date last seen Koha item type
    Perpustakaan Awam Sungai Petani Pinjaman Kanak-kanak 04/12/2003 K 899.233 JAM A00006622 08/05/2018 Book
    Perpustakaan Jitra Pinjaman Kanak-kanak 01/12/2003 K 899.233 JAM A00006623 08/05/2018 Book
    Perpustakaan Langkawi Pinjaman Dewasa 06/05/1997 899.233 JAM A00010216 08/05/2018 Book
    Perpustakaan Yan Pinjaman Dewasa 06/05/1997 899.233 JAM A00010218 08/05/2018 Book
    Bergerak 1, Alor Setar Pinjaman Dewasa 06/05/1997 899.233 JAM A00010219 08/05/2018 Book
    Bergerak 3, Baling Pinjaman Dewasa 06/05/1997 899.233 JAM A00010223 08/05/2018 Book
    Bergerak 4, Sungai Petani Pinjaman Dewasa 06/05/1997 899.233 JAM A00010225 08/05/2018 Book
    Bergerak 5, Kulim Pinjaman Dewasa 06/05/1997 899.233 JAM A00010221 08/05/2018 Book
    Bergerak 5, Kulim Pinjaman Dewasa 06/05/1997 899.233 JAM A00010222 08/05/2018 Book
    PD01, Kg. Bendang Raja, Kuala Nerang Pinjaman Dewasa 06/05/1997 899.233 JAM A00010226 08/05/2018 Book
    PD07, Kg. Jelutong, Sik Pinjaman Dewasa 06/05/1997 899.233 JAM A00010231 08/05/2018 Book
    PD08, Felda Gunung Bongsu, Kulim Pinjaman Dewasa 06/05/1997 899.233 JAM A00010232 08/05/2018 Book
    PD30, Bandar Baru Beris Jaya, Sik Pinjaman Dewasa 06/05/1997 899.233 JAM A00010230 08/05/2018 Book
    PD30, Bandar Baru Beris Jaya, Sik Pinjaman Kanak-kanak 20/02/1999 K 899.233 JAM A00248684 08/05/2018 Book